000 00798nam a22002177a 4500
999 _c20195
_d20195
003 AR-CdUCM
008 190527b ||||| |||| 00| 0 spa d
040 _aMUNICIPALIDAD PROVINCIAL DEL CUSCO
_cBIBLIOTECA MUNICIPAL DEL CUSCO
082 _a828.83 /
_bST847
100 _aStevenson, Robert Louis
_99477
245 _aLa isla del tesoro /
260 _aEspaña :
_bInstituto de artes gráficas,
_c1963.
300 _a197 páginas ;
_bIlustraciones,
_c21 cm.
440 _aColección auriga serie azul
_932650
505 _aContenido: El antiguo bucanero -- El viejo lobo del mar en la posada Benbow -- Black Dog llega y se va...
650 _aNovelas inglesas
_91158
650 _aTraducciones al español
_91053
650 _aSiglo XIX
_9971
942 _2ddc
_cLIBROS
945 _adavv
_d2019-05-27